[Event "Titled Tuesday intern op 06th Feb Late"]
[Site "Chess.com INT"]
[Date "2024.02.06"]
[Round "1"]
[White "Shton, Roman"]
[Black "Maranhao, Jose Renato Ruiz"]
[Result "1-0"]
[WhiteElo "2020"]
[BlackElo "1923"]
[PlyCount "55"]
[EventDate "2024.02.06"]
[EventType "swiss (blitz)"]
[EventRounds "11"]
[EventCountry "USA"]
[SourceTitle "CB07_2024"]
[SourceDate "2024.02.14"]
[SourceVersion "1"]
[SourceVersionDate "2024.02.14"]
[SourceQuality "1"]

1. d4 d5 2. Nf3 Nf6 3. g3 c6 4. Bg2 Nbd7 5. c4 g6 6. Nc3 Bg7 7. cxd5 cxd5 8. 0-0 0-0 9. Qb3 b6 10. Nxd5 Nxd5 11. Qxd5 Ba6 12. Re1 Rc8 13. Bh3 Rc7 14. Bf4 e5 15. Nxe5 Bb7 16. Qd6 f5 17. Nxg6 hxg6 18. Qxc7 Qxc7 19. Bxc7 Bxd4 20. Rad1 Rc8 21. Bf4 Rc4 22. b3 Rb4 23. e3 Bc3 24. Rxd7 Bxe1 25. Rxb7 a5 26. Bc7 a4 27. Rxb6 axb3 28. axb3 1-0

[Event "Titled Tuesday intern op 16th May Early"]
[Site "Chess.com INT"]
[Date "2023.05.16"]
[Round "1"]
[White "Maranhao, Jose Renato Ruiz"]
[Black "Gavrilin, Roman"]
[Result "0-1"]
[WhiteElo "1923"]
[BlackElo "2128"]
[PlyCount "52"]
[EventDate "2023.05.16"]
[EventType "swiss (blitz)"]
[EventRounds "11"]
[EventCountry "USA"]
[SourceTitle "CBM 214 Extra"]
[Source "ChessBase"]
[SourceDate "2023.07.31"]
[SourceVersion "1"]
[SourceVersionDate "2023.07.31"]
[SourceQuality "1"]

1. e4 c5 2. Nf3 d6 3. d4 cxd4 4. Nxd4 Nf6 5. Nc3 a6 6. Bd3 e5 7. Nde2 Be7 8. 0-0 0-0 9. Be3 b5 10. f3 Bb7 11. Ng3 Re8 12. a4 b4 13. Nd5 Nxd5 14. exd5 g6 15. a5 Nd7 16. b3 Bg5 17. Bxg5 Qxg5 18. Ne4 Qe7 19. Bc4 f5 20. Nf2 Nc5 21. Qd2 e4 22. fxe4 fxe4 23. Qxb4 e3 24. Nd3 Ne4 25. Rae1 Rab8 26. Nf4 Nd2 0-1

[Event "Titled Tuesday intern op 02nd May Late"]
[Site "Chess.com INT"]
[Date "2023.05.02"]
[Round "2"]
[White "Maranhao, Jose Renato Ruiz"]
[Black "Korol, Dimitry"]
[Result "0-1"]
[WhiteElo "1923"]
[BlackElo "2287"]
[PlyCount "44"]
[EventDate "2023.05.02"]
[EventType "swiss (blitz)"]
[EventRounds "11"]
[EventCountry "USA"]
[SourceTitle "EXT 2024"]
[Source "ChessBase"]
[SourceDate "2023.10.10"]
[SourceVersion "1"]
[SourceVersionDate "2023.10.10"]
[SourceQuality "1"]

1. e4 c5 2. Nc3 g6 3. g3 Bg7 4. Bg2 Nc6 5. Nge2 d6 6. 0-0 e5 7. f4 Nge7 8. d3 Nd4 9. Nxd4 cxd4 10. Nd5 Nxd5 11. exd5 0-0 12. b3 Qc7 13. Bb2 Bd7 14. Qd2 Rac8 15. Rf2 b5 16. a4 bxa4 17. bxa4 Qb6 18. Ba3 Rc3 19. fxe5 Bxe5 20. a5 Qb5 21. Re2 Rfc8 22. Qd1 Bg4 0-1

[Event "Titled Tuesday intern op 25th Apr Early"]
[Site "Chess.com INT"]
[Date "2023.04.25"]
[Round "3"]
[White "Maranhao, Jose Renato Ruiz"]
[Black "Luukkonen, Tommi"]
[Result "0-1"]
[WhiteElo "1923"]
[BlackElo "2292"]
[PlyCount "40"]
[EventDate "2023.04.25"]
[EventType "swiss (blitz)"]
[EventRounds "11"]
[EventCountry "USA"]
[SourceTitle "EXT 2024"]
[Source "ChessBase"]
[SourceDate "2023.10.10"]
[SourceVersion "1"]
[SourceVersionDate "2023.10.10"]
[SourceQuality "1"]

1. e4 g6 2. d4 Bg7 3. Nc3 d6 4. f4 a6 5. Nf3 b5 6. a3 Nd7 7. Be2 Bb7 8. Be3 Ngf6 9. e5 Ng4 10. Bg1 c5 11. h3 Nh6 12. g4 cxd4 13. Bxd4 dxe5 14. fxe5 Nxe5 15. Nxe5 Bxh1 16. Bf3 Bxf3 17. Qxf3 0-0 18. 0-0-0 e6 19. g5 Nf5 20. h4 Nxd4 0-1

[Event "Titled Tuesday intern op 28th Mar Early"]
[Site "Chess.com INT"]
[Date "2023.03.28"]
[Round "2"]
[White "Lisenkov, Svyatoslav"]
[Black "Maranhao, Jose Renato Ruiz"]
[Result "1-0"]
[WhiteElo "2233"]
[BlackElo "1923"]
[PlyCount "53"]
[EventDate "2023.03.28"]
[EventType "swiss (blitz)"]
[EventRounds "11"]
[EventCountry "USA"]
[SourceTitle "EXT 2024"]
[Source "ChessBase"]
[SourceDate "2023.10.10"]
[SourceVersion "1"]
[SourceVersionDate "2023.10.10"]
[SourceQuality "1"]

1. e4 g6 2. d4 Bg7 3. Nc3 a6 4. Bf4 b5 5. a4 b4 6. Nd5 d6 7. Nxb4 c5 8. dxc5 Bxb2 9. Nd5 Qa5+ 10. Bd2 Qxc5 11. Rb1 Bd4 12. Bb4 Bxf2+ 13. Ke2 Bxg1 14. Bxc5 Bg4+ 15. Kd2 Bxd1 16. Bxg1 Nf6 17. Nxf6+ exf6 18. Kxd1 Nd7 19. Bd3 0-0 20. Bd4 Rfb8 21. Kd2 Ne5 22. Rhf1 a5 23. Rxb8+ Rxb8 24. Rxf6 Rb4 25. Rxd6 Nc4+ 26. Bxc4 Rxc4 27. Rd8# 1-0

[Event "Titled Tuesday intern op 28th Mar Late"]
[Site "Chess.com INT"]
[Date "2023.03.28"]
[Round "1"]
[White "Maranhao, Jose Renato Ruiz"]
[Black "Krishnan, Varun"]
[Result "0-1"]
[WhiteElo "1923"]
[BlackElo "2343"]
[PlyCount "114"]
[EventDate "2023.03.28"]
[EventType "swiss (blitz)"]
[EventRounds "11"]
[EventCountry "USA"]
[SourceTitle "EXT 2024"]
[Source "ChessBase"]
[SourceDate "2023.10.10"]
[SourceVersion "1"]
[SourceVersionDate "2023.10.10"]
[SourceQuality "1"]

1. e4 e5 2. Nf3 Nc6 3. Bb5 a6 4. Ba4 Nf6 5. 0-0 Be7 6. Re1 b5 7. Bb3 0-0 8. c3 d6 9. h3 Na5 10. Bc2 c5 11. d3 Qc7 12. Nbd2 Bb7 13. Nf1 c4 14. d4 Rad8 15. d5 h6 16. b4 cxb3 17. axb3 Ra8 18. Ne3 Bc8 19. Qd3 Nb7 20. b4 Bd7 21. Nh4 Nh5 22. Nef5 Bxh4 23. Nxh4 a5 24. bxa5 Rxa5 25. Rxa5 Nxa5 26. f4 Rc8 27. fxe5 dxe5 28. Bd2 Nc4 29. Nf5 Bxf5 30. exf5 Nxd2 31. Qxd2 Qxc3 32. Qxc3 Rxc3 33. Be4 Nf6 34. d6 Rc4 35. Bb7 e4 36. Rd1 Nd7 37. Bd5 Rc5 38. Bxe4 b4 39. Rb1 Rc4 40. Bd3 Rd4 41. Bf1 Rxd6 42. Re1 Nf6 43. Re8+ Kh7 44. Rf8 Rd7 45. Bc4 Rc7 46. Bxf7 h5 47. Bg6+ Kh6 48. Rh8+ Kg5 49. g3 h4 50. gxh4+ Kf4 51. h5 Ke3 52. Rb8 Rc1+ 53. Kg2 Rc2+ 54. Kg3 Ne4+ 55. Kh4 Rg2 56. f6 Ng5 57. fxg7 Nf3# 0-1

[Event "Titled Tuesday intern op 28th Mar Early"]
[Site "Chess.com INT"]
[Date "2023.03.28"]
[Round "7"]
[White "Maranhao, Jose Renato Ruiz"]
[Black "Simonovic, Miroslav"]
[Result "0-1"]
[WhiteElo "1923"]
[BlackElo "2115"]
[PlyCount "56"]
[EventDate "2023.03.28"]
[EventType "swiss (blitz)"]
[EventRounds "11"]
[EventCountry "USA"]
[SourceTitle "EXT 2024"]
[Source "ChessBase"]
[SourceDate "2023.10.10"]
[SourceVersion "1"]
[SourceVersionDate "2023.10.10"]
[SourceQuality "1"]

1. e4 c5 2. d4 cxd4 3. c3 dxc3 4. Nxc3 Nc6 5. Nf3 d6 6. Bc4 e6 7. 0-0 Be7 8. Qe2 Nf6 9. Rd1 Qa5 10. a3 a6 11. b4 Qh5 12. b5 axb5 13. Nxb5 0-0 14. Nxd6 Bxd6 15. Rxd6 Ne5 16. Nxe5 Qxe5 17. Bb2 Qxd6 18. e5 Qc5 19. exf6 b5 20. fxg7 Rd8 21. Bxb5 Rb8 22. a4 Qg5 23. Be5 Bb7 24. f4 Qg6 25. Bxb8 Rxb8 26. a5 Bd5 27. a6 Qxg7 28. Qe5 Rxb5 0-1

[Event "Titled Tuesday intern op 28th Mar Late"]
[Site "Chess.com INT"]
[Date "2023.03.28"]
[Round "8"]
[White "Maranhao, Jose Renato Ruiz"]
[Black "Vila Dupla, Aurelio"]
[Result "0-1"]
[WhiteElo "1923"]
[BlackElo "2030"]
[PlyCount "96"]
[EventDate "2023.03.28"]
[EventType "swiss (blitz)"]
[EventRounds "11"]
[EventCountry "USA"]
[SourceTitle "EXT 2024"]
[Source "ChessBase"]
[SourceDate "2023.10.10"]
[SourceVersion "1"]
[SourceVersionDate "2023.10.10"]
[SourceQuality "1"]

1. e4 c5 2. d4 cxd4 3. c3 dxc3 4. Nxc3 Nc6 5. Nf3 e6 6. Bc4 d6 7. 0-0 a6 8. a4 Be7 9. Be3 Bd7 10. Qe2 Nf6 11. Rac1 Qa5 12. Nd4 Nxd4 13. Bxd4 0-0 14. f4 Bc6 15. f5 e5 16. Be3 b5 17. Bd5 Bxd5 18. exd5 b4 19. Nd1 Nxd5 20. Bd2 Rfc8 21. Rxc8+ Rxc8 22. h3 Qc5+ 23. Kh2 a5 24. g4 Qc4 25. Qxc4 Rxc4 26. b3 Rc2 27. Rf2 Nc3 28. Nxc3 bxc3 29. Be3 Rxf2+ 30. Bxf2 d5 31. Be3 d4 32. Bc1 Kf8 33. Kg2 Ke8 34. Kf3 Kd7 35. Ke4 Kd6 36. g5 f6 37. g6 hxg6 38. fxg6 Ke6 39. h4 f5+ 40. Kd3 Bxh4 41. Ba3 Bg3 42. Bf8 Kf6 43. b4 axb4 44. a5 e4+ 45. Kxd4 c2 46. Bxb4 c1Q 47. Bc3 Qa3 48. a6 Kxg6 0-1

[Event "Titled Tuesday intern op 21st Mar Late"]
[Site "Chess.com INT"]
[Date "2023.03.21"]
[Round "1"]
[White "Mendez Fortes, Eduardo Jesus"]
[Black "Maranhao, Jose Renato Ruiz"]
[Result "1-0"]
[WhiteElo "2250"]
[BlackElo "1923"]
[PlyCount "53"]
[EventDate "2023.03.21"]
[EventType "swiss (blitz)"]
[EventRounds "11"]
[EventCountry "USA"]
[SourceTitle "EXT 2024"]
[Source "ChessBase"]
[SourceDate "2023.10.10"]
[SourceVersion "1"]
[SourceVersionDate "2023.10.10"]
[SourceQuality "1"]

1. e4 g6 2. d4 Bg7 3. Nc3 b6 4. f4 Bb7 5. Nf3 e6 6. Bd3 d6 7. Qe2 Ne7 8. h4 h5 9. Be3 Nbc6 10. e5 Qd7 11. Ng5 Nf5 12. Bxf5 exf5 13. d5 Nb4 14. e6 fxe6 15. dxe6 Qc6 16. 0-0-0 Bxc3 17. bxc3 Nxa2+ 18. Kb2 Nxc3 19. Qd3 Nxd1+ 20. Rxd1 0-0 21. Bd4 a6 22. Kb1 Qb5+ 23. Qxb5 axb5 24. Re1 Bxg2 25. e7 Rfe8 26. Re6 Ra4 27. Rxg6# 1-0

[Event "Titled Tuesday intern op 14th Mar Late"]
[Site "Chess.com INT"]
[Date "2023.03.14"]
[Round "2"]
[White "Kaganskiy, Gleb"]
[Black "Maranhao, Jose Renato Ruiz"]
[Result "0-1"]
[WhiteElo "2183"]
[BlackElo "1923"]
[PlyCount "98"]
[EventDate "2023.03.14"]
[EventType "swiss (blitz)"]
[EventRounds "11"]
[EventCountry "USA"]
[SourceTitle "EXT 2024"]
[Source "ChessBase"]
[SourceDate "2023.10.10"]
[SourceVersion "1"]
[SourceVersionDate "2023.10.10"]
[SourceQuality "1"]

1. e4 g6 2. d4 Bg7 3. Nc3 b6 4. Nf3 Bb7 5. Bd3 d6 6. Be3 e6 7. h4 h5 8. Qd2 Nd7 9. 0-0-0 Qe7 10. Bg5 f6 11. Be3 0-0-0 12. Kb1 Kb8 13. Rhg1 Nh6 14. Nh2 e5 15. d5 Nc5 16. f3 Rdf8 17. a3 Nf7 18. b4 Nxd3 19. cxd3 f5 20. g3 Ba6 21. Rc1 Rc8 22. b5 Bb7 23. Rc2 Rhf8 24. Rgc1 a6 25. a4 f4 26. gxf4 exf4 27. Bxf4 Qxh4 28. bxa6 Bxa6 29. Nb5 Ne5 30. Bxe5 Bxe5 31. Nxc7 Rxc7 32. Rxc7 Qxh2 33. Qxh2 Bxh2 34. Rg7 Bxd3+ 35. Kb2 Be5+ 36. Kb3 Bxg7 37. Rg1 Rxf3 38. Kb4 Bxe4 39. Kb5 Bd4 40. Re1 Re3 41. Rd1 Bc5 42. Kc6 Rd3 43. Rf1 Bxd5+ 44. Kd7 Kb7 45. a5 Bc6+ 46. Kd8 Re3 47. a6+ Kxa6 48. Ra1+ Kb7 49. Rb1 Re8# 0-1

[Event "Titled Tuesday intern op 01st Nov Early"]
[Site "Chess.com INT"]
[Date "2022.11.01"]
[Round "2"]
[White "Khalakhan, Jurij"]
[Black "Maranhao, Jose Renato Ruiz"]
[Result "1-0"]
[WhiteElo "2184"]
[BlackElo "1923"]
[PlyCount "49"]
[EventDate "2022.11.01"]
[EventType "swiss (blitz)"]
[EventRounds "11"]
[EventCountry "USA"]
[SourceTitle "EXT 2024"]
[Source "ChessBase"]
[SourceDate "2023.10.10"]
[SourceVersion "1"]
[SourceVersionDate "2023.10.10"]
[SourceQuality "1"]

1. e4 b6 2. d4 Bb7 3. Bd3 g6 4. Nf3 Bg7 5. 0-0 d6 6. c4 Nd7 7. Nc3 e6 8. Re1 Ne7 9. Bg5 h6 10. Be3 0-0 11. Qd2 Kh7 12. Rad1 f5 13. Nh4 Nc6 14. Nf3 Nb4 15. Bb1 a5 16. a3 Na6 17. h4 fxe4 18. Bxe4 Bxe4 19. Nxe4 Rxf3 20. gxf3 Qxh4 21. Kg2 Rf8 22. Rh1 Qe7 23. Bxh6 Nf6 24. Nxf6+ Qxf6 25. Bg5+ 1-0

[Event "Titled Tuesday intern op 01st Nov Early"]
[Site "Chess.com INT"]
[Date "2022.11.01"]
[Round "4"]
[White "Maranhao, Jose Renato Ruiz"]
[Black "Ardila, Oscar Humberto"]
[Result "0-1"]
[WhiteElo "1923"]
[BlackElo "1997"]
[PlyCount "82"]
[EventDate "2022.11.01"]
[EventType "swiss (blitz)"]
[EventRounds "11"]
[EventCountry "USA"]
[SourceTitle "EXT 2024"]
[Source "ChessBase"]
[SourceDate "2023.10.10"]
[SourceVersion "1"]
[SourceVersionDate "2023.10.10"]
[SourceQuality "1"]

1. g3 Nf6 2. Bg2 g6 3. b3 Bg7 4. Bb2 0-0 5. d3 d6 6. Nd2 Nbd7 7. e4 e5 8. Ne2 c6 9. 0-0 Qc7 10. h3 Re8 11. Re1 Nf8 12. Nf1 Be6 13. c4 Rad8 14. Ne3 Bc8 15. a4 a5 16. Qd2 Ne6 17. f4 Nc5 18. Qc3 Qb6 19. Nc1 exf4 20. gxf4 Nh5 21. Qc2 Nxf4 22. Bf1 Bxh3 23. Bxg7 Kxg7 24. Ra2 Bxf1 25. Kxf1 Nce6 26. Qh2 h5 27. Rf2 Qd4 28. Qg3 Kh7 29. Rxf4 Nxf4 30. Qxf4 Qe5 31. Qxf7+ Qg7 32. Qxg7+ Kxg7 33. Ne2 Rf8+ 34. Kg2 Kh6 35. Nd4 Rde8 36. Nf3 Rf4 37. Rf1 Ref8 38. Nc2 Rg4+ 39. Kh3 g5 40. Ncd4 Rgf4 41. Kg2 g4 0-1

[Event "Titled Tuesday intern op 25th Oct Late"]
[Site "Chess.com INT"]
[Date "2022.10.25"]
[Round "2"]
[White "Garagulya, Konstantin"]
[Black "Maranhao, Jose Renato Ruiz"]
[Result "1-0"]
[WhiteElo "2389"]
[BlackElo "1923"]
[PlyCount "71"]
[EventDate "2022.10.25"]
[EventType "swiss (blitz)"]
[EventRounds "11"]
[EventCountry "USA"]
[SourceTitle "EXT 2024"]
[Source "ChessBase"]
[SourceDate "2023.10.10"]
[SourceVersion "1"]
[SourceVersionDate "2023.10.10"]
[SourceQuality "1"]

1. d4 b6 2. e4 Bb7 3. Bd3 g6 4. Nf3 Bg7 5. 0-0 d6 6. Re1 e6 7. a4 a5 8. Nbd2 Nd7 9. Bb5 Ne7 10. c3 0-0 11. h3 h6 12. Nf1 Kh7 13. Qb3 c5 14. Ng3 cxd4 15. cxd4 Rc8 16. Bxd7 Qxd7 17. Qxb6 Qc7 18. Qxc7 Rxc7 19. Bd2 Rc2 20. Bxa5 Rxb2 21. Bc7 d5 22. e5 Ra8 23. a5 Nc6 24. Reb1 Rb4 25. Rxb4 Nxb4 26. Ne2 Bf8 27. Nc3 Ba6 28. Na4 Bc4 29. Nb6 Ra7 30. Bd6 Bxd6 31. exd6 Kg7 32. d7 Nc6 33. Ne5 Nd8 34. f4 Kf8 35. Kf2 Ke7 36. Nc8+ 1-0

[Event "Titled Tuesday intern op 04th Oct Late"]
[Site "Chess.com INT"]
[Date "2022.10.04"]
[Round "3"]
[White "Maranhao, Jose Renato Ruiz"]
[Black "Aguilar, Juan"]
[Result "0-1"]
[WhiteElo "1923"]
[BlackElo "2254"]
[PlyCount "82"]
[EventDate "2022.10.04"]
[EventType "swiss (blitz)"]
[EventRounds "11"]
[EventCountry "USA"]
[SourceTitle "EXT 2023"]
[Source "ChessBase"]
[SourceDate "2022.10.05"]
[SourceVersion "1"]
[SourceVersionDate "2022.10.05"]
[SourceQuality "1"]

1. g3 Nf6 2. Bg2 d5 3. b3 g6 4. Bb2 Bg7 5. d3 0-0 6. Nd2 c5 7. e3 Nc6 8. Ne2 e5 9. 0-0 Be6 10. a3 Qd7 11. Re1 Rad8 12. c4 Rfe8 13. Qc2 b6 14. Rad1 Bg4 15. f3 Bh3 16. Bh1 Be6 17. Nf1 Qc7 18. Qb1 h5 19. Nd2 h4 20. d4 exd4 21. exd4 Bf5 22. Qa1 dxc4 23. Nxc4 cxd4 24. Nxd4 Rxe1+ 25. Rxe1 hxg3 26. Nxf5 gxh2+ 27. Kf1 gxf5 28. Bxf6 Qg3 29. Bxg7 Qg1+ 30. Ke2 Re8+ 31. Ne5 Nd4+ 32. Kd3 Qxg7 33. Qxd4 Rc8 34. f4 Qg3+ 35. Bf3 Qh4 36. Bd5 Rd8 37. Bxf7+ Kh7 38. Bd5 Qe7 39. Rh1 Qh4 40. Kc3 Qg3+ 41. Nf3 Rc8+ 0-1

[Event "Titled Tuesday intern op 20th Sep Late"]
[Site "Chess.com INT"]
[Date "2022.09.20"]
[Round "2"]
[White "Maranhao, Jose Renato Ruiz"]
[Black "Can, Melih Kaan"]
[Result "0-1"]
[WhiteElo "1923"]
[BlackElo "2093"]
[PlyCount "116"]
[EventDate "2022.09.20"]
[EventType "swiss (blitz)"]
[EventRounds "11"]
[EventCountry "USA"]
[SourceTitle "EXT 2023"]
[Source "ChessBase"]
[SourceDate "2022.10.05"]
[SourceVersion "1"]
[SourceVersionDate "2022.10.05"]
[SourceQuality "1"]

1. g3 c6 2. Bg2 d5 3. b3 Nf6 4. Bb2 g6 5. d3 Bg7 6. e3 0-0 7. Ne2 Bg4 8. Nd2 Qc8 9. h3 Bd7 10. Nf4 Na6 11. 0-0 g5 12. Bxf6 Bxf6 13. Nh5 Bxh3 14. Nxf6+ exf6 15. Qh5 Bxg2 16. Kxg2 Qf5 17. Rh1 Qg6 18. Qg4 f5 19. Qd4 Nc7 20. Rh2 Ne6 21. Qb4 b6 22. Rah1 Rad8 23. Nf3 c5 24. Qe1 f6 25. Rh6 Qg7 26. R1h5 Rf7 27. e4 dxe4 28. dxe4 f4 29. g4 Nf8 30. e5 fxe5 31. Rxg5 Ng6 32. Rhh5 Re8 33. Qe4 Rfe7 34. Kh3 Re6 35. Nh4 Rd8 36. Nf5 Qd7 37. Rh6 Qd1 38. Nh4 Qf1+ 39. Qg2 Qxg2+ 40. Kxg2 Rdd6 41. Nf5 Rd2 42. Nh4 Kg7 43. Nf5+ Kg8 44. Nh4 e4 45. Nxg6 hxg6 46. Rhxg6+ Rxg6 47. Rxg6+ Kf7 48. Rh6 e3 49. Kf1 Rxf2+ 50. Ke1 Rxc2 51. Rh7+ Kf6 52. Rxa7 f3 53. Kd1 Rd2+ 54. Ke1 Rb2 55. Kd1 e2+ 56. Ke1 Rb1+ 57. Kf2 Rf1+ 58. Ke3 e1Q+ 0-1

[Event "Titled Tuesday intern op 20th Sep Late"]
[Site "Chess.com INT"]
[Date "2022.09.20"]
[Round "1"]
[White "Maranhao, Jose Renato Ruiz"]
[Black "Garcia Garcia, Alejandro"]
[Result "0-1"]
[WhiteElo "1923"]
[BlackElo "2299"]
[PlyCount "46"]
[EventDate "2022.09.20"]
[EventType "swiss (blitz)"]
[EventRounds "11"]
[EventCountry "USA"]
[SourceTitle "EXT 2023"]
[Source "ChessBase"]
[SourceDate "2022.10.05"]
[SourceVersion "1"]
[SourceVersionDate "2022.10.05"]
[SourceQuality "1"]

1. g3 Nf6 2. Bg2 g6 3. b3 Bg7 4. Bb2 0-0 5. d3 d6 6. Nd2 e5 7. e3 Nh5 8. Ne2 f5 9. 0-0 Nc6 10. d4 e4 11. a4 a5 12. Nc4 g5 13. d5 Bxb2 14. Nxb2 Ne5 15. Nd4 Qe8 16. Nc4 f4 17. exf4 Bg4 18. f3 Nxf3+ 19. Bxf3 exf3 20. Qe1 gxf4 21. Ne6 fxg3 22. hxg3 Rf5 23. Nxc7 Qf7 0-1

[Event "Titled Tuesday intern op 20th Sep Late"]
[Site "Chess.com INT"]
[Date "2022.09.20"]
[Round "4"]
[White "Shapiro, Daniel E"]
[Black "Maranhao, Jose Renato Ruiz"]
[Result "1-0"]
[WhiteElo "2284"]
[BlackElo "1923"]
[PlyCount "57"]
[EventDate "2022.09.20"]
[EventType "swiss (blitz)"]
[EventRounds "11"]
[EventCountry "USA"]
[SourceTitle "EXT 2023"]
[Source "ChessBase"]
[SourceDate "2022.10.05"]
[SourceVersion "1"]
[SourceVersionDate "2022.10.05"]
[SourceQuality "1"]

1. d4 b6 2. e4 Bb7 3. Nd2 g6 4. Bd3 Bg7 5. Qe2 Bxd4 6. Ngf3 Bg7 7. c3 Nf6 8. 0-0 0-0 9. e5 Nd5 10. Nc4 d6 11. e6 f5 12. h4 Na6 13. Ng5 Nc5 14. Bc2 b5 15. Na5 Ba6 16. Rd1 b4 17. c4 Nf6 18. Nc6 Qe8 19. Nxb4 Bb7 20. Nd5 Rb8 21. Nxc7 Qc6 22. Nd5 Nfe4 23. Nxe7+ Kh8 24. Nxc6 Bxc6 25. Nf7+ Kg8 26. Nxd6 Rfd8 27. Nxe4 Rxd1+ 28. Qxd1 Bxe4 29. Be3 1-0

[Event "Titled Tuesday intern op 06th Sep Late"]
[Site "Chess.com INT"]
[Date "2022.09.06"]
[Round "1"]
[White "Araujo Sanchez, Josue"]
[Black "Maranhao, Jose Renato Ruiz"]
[Result "0-1"]
[WhiteElo "2281"]
[BlackElo "1923"]
[PlyCount "52"]
[EventDate "2022.09.06"]
[EventType "swiss (blitz)"]
[EventRounds "11"]
[EventCountry "USA"]
[SourceTitle "EXT 2023"]
[Source "ChessBase"]
[SourceDate "2022.10.05"]
[SourceVersion "1"]
[SourceVersionDate "2022.10.05"]
[SourceQuality "1"]

1. d4 g6 2. Nf3 Bg7 3. g3 b6 4. Bg2 Bb7 5. 0-0 d6 6. a4 e6 7. a5 Ne7 8. c4 0-0 9. Nc3 c5 10. d5 exd5 11. Ne1 Na6 12. Nd3 bxa5 13. Nf4 Nb4 14. Qa4 Qb6 15. cxd5 Bxc3 16. bxc3 Nbxd5 17. Nxd5 Nxd5 18. Bh6 Nxc3 19. Qc2 Nd5 20. Rfb1 Nb4 21. Qc3 f6 22. Bxf8 Rxf8 23. Bxb7 Qxb7 24. Rxa5 Kg7 25. Qd2 Qc7 26. Ra3 Rf7 0-1

[Event "Titled Tuesday intern op 06th Sep Late"]
[Site "Chess.com INT"]
[Date "2022.09.06"]
[Round "6"]
[White "Maranhao, Jose Renato Ruiz"]
[Black "Clawitter, Craig"]
[Result "0-1"]
[WhiteElo "1923"]
[BlackElo "2050"]
[PlyCount "84"]
[EventDate "2022.09.06"]
[EventType "swiss (blitz)"]
[EventRounds "11"]
[EventCountry "USA"]
[SourceTitle "EXT 2023"]
[Source "ChessBase"]
[SourceDate "2022.10.05"]
[SourceVersion "1"]
[SourceVersionDate "2022.10.05"]
[SourceQuality "1"]

1. g3 Nf6 2. Bg2 d5 3. b3 e5 4. Bb2 Nc6 5. d3 Bd6 6. e3 Be6 7. Nd2 Qd7 8. Qe2 h5 9. 0-0-0 a5 10. a4 Qe7 11. f4 Ba3 12. Ngf3 e4 13. Nd4 Nxd4 14. exd4 Bg4 15. Qe3 Bxd1 16. Rxd1 Ng4 17. Qe2 e3 18. Nf1 0-0-0 19. h3 Nf6 20. Qxe3 Bxb2+ 21. Kxb2 Qxe3 22. Nxe3 Rhe8 23. Re1 Rd7 24. Kc1 Rde7 25. Kd2 c6 26. Bf3 g6 27. Bg2 Kc7 28. Bf3 Kd6 29. Bg2 b6 30. Bf3 c5 31. dxc5+ bxc5 32. f5 g5 33. h4 g4 34. Bd1 Kc6 35. Ng2 Rxe1 36. Nxe1 Re5 37. d4 cxd4 38. Nd3 Rxf5 39. Nf4 Ne4+ 40. Kd3 Nxg3 41. Ne2 Nxe2 42. Bxe2 g3 0-1

[Event "Titled Tuesday intern op 06th Sep Late"]
[Site "Chess.com INT"]
[Date "2022.09.06"]
[Round "4"]
[White "Maranhao, Jose Renato Ruiz"]
[Black "Zenin, Dmitri"]
[Result "0-1"]
[WhiteElo "1923"]
[BlackElo "2163"]
[PlyCount "94"]
[EventDate "2022.09.06"]
[EventType "swiss (blitz)"]
[EventRounds "11"]
[EventCountry "USA"]
[SourceTitle "EXT 2023"]
[Source "ChessBase"]
[SourceDate "2022.10.05"]
[SourceVersion "1"]
[SourceVersionDate "2022.10.05"]
[SourceQuality "1"]

1. Nf3 Nf6 2. g3 g6 3. Bg2 Bg7 4. b3 0-0 5. Bb2 c5 6. 0-0 d6 7. c4 e5 8. d3 Nc6 9. Nc3 a6 10. a4 h6 11. h3 Be6 12. Kh2 d5 13. cxd5 Nxd5 14. Nxd5 Bxd5 15. Qc2 Rc8 16. Qxc5 Nd4 17. Bxd4 Rxc5 18. Bxc5 Re8 19. Rab1 e4 20. dxe4 Bxe4 21. Rbc1 Bc6 22. e3 Qd3 23. b4 Bxa4 24. Nd4 b5 25. Bb7 h5 26. Bxa6 h4 27. Bb7 hxg3+ 28. Kxg3 Be5+ 29. Kg2 Kg7 30. Bf3 Rh8 31. Be2 Qe4+ 32. Bf3 Qh4 33. Rh1 Qg5+ 34. Kf1 Qf6 35. Ke2 Rc8 36. Be4 Rd8 37. f4 Bd6 38. Bxd6 Rxd6 39. Bd3 Rxd4 40. exd4 Qxd4 41. Rcd1 Qxf4 42. Rc1 Qe5+ 43. Kd2 Qf4+ 44. Kc3 Qe3 45. Rb1 Qe5+ 46. Kd2 Qg3 47. Kc3 Qf2 0-1

[Event "Titled Tuesday intern op 06th Sep Late"]
[Site "Chess.com INT"]
[Date "2022.09.06"]
[Round "5"]
[White "Silva Lucena, Cristian"]
[Black "Maranhao, Jose Renato Ruiz"]
[Result "1-0"]
[WhiteElo "2290"]
[BlackElo "1923"]
[PlyCount "57"]
[EventDate "2022.09.06"]
[EventType "swiss (blitz)"]
[EventRounds "11"]
[EventCountry "USA"]
[SourceTitle "EXT 2023"]
[Source "ChessBase"]
[SourceDate "2022.10.05"]
[SourceVersion "1"]
[SourceVersionDate "2022.10.05"]
[SourceQuality "1"]

1. c4 g6 2. d4 Bg7 3. Nc3 b6 4. e4 Bb7 5. f3 e6 6. Be3 Ne7 7. Qd2 d5 8. cxd5 exd5 9. e5 Nf5 10. Bb5+ c6 11. Bd3 Nxe3 12. Qxe3 0-0 13. Nge2 Na6 14. a3 Nc7 15. f4 Qh4+ 16. g3 Qg4 17. h3 Qd7 18. 0-0-0 a5 19. f5 b5 20. f6 Bh8 21. h4 Rfe8 22. h5 Bxf6 23. hxg6 fxg6 24. Qh6 Bh8 25. Bxg6 Re6 26. Bxh7+ Kf7 27. Rdf1+ Ke7 28. Qg5+ Ke8 29. Bg6+ 1-0

[Event "Titled Tuesday intern op 31st May Late"]
[Site "Chess.com INT"]
[Date "2022.05.31"]
[Round "3"]
[White "Chen, Justin"]
[Black "Maranhao, Jose Renato Ruiz"]
[Result "1-0"]
[WhiteElo "2322"]
[BlackElo "1923"]
[PlyCount "59"]
[EventDate "2022.05.31"]
[EventType "swiss (blitz)"]
[EventRounds "11"]
[EventCountry "USA"]
[SourceTitle "CBM 208 Extra"]
[Source "ChessBase"]
[SourceDate "2022.07.31"]
[SourceVersion "1"]
[SourceVersionDate "2022.07.31"]
[SourceQuality "1"]

1. c4 g6 2. Nc3 Bg7 3. g3 c5 4. Bg2 Nc6 5. Rb1 Nf6 6. a3 a5 7. Nf3 d6 8. 0-0 0-0 9. d3 Bg4 10. Bd2 Qd7 11. Re1 Bh3 12. Bh1 h6 13. Qc1 Kh7 14. Rd1 Nd4 15. Nxd4 cxd4 16. Nd5 Nxd5 17. Bxd5 Rfc8 18. b4 b5 19. Bxa8 Rxa8 20. bxa5 bxc4 21. Qxc4 e5 22. Rdc1 Qg4 23. f3 Qh5 24. Rb7 Be6 25. Qc6 Bf8 26. a6 Qh3 27. Rxf7+ Bxf7 28. Qxa8 Be7 29. Qb7 Qe6 30. Rc7 1-0